[Event "Carnaval"]
[Site "Quebec CAN"]
[Date "1993.02.07"]
[Round "5"]
[White "Belanger, Jacques"]
[Black "Bolduc, Steve"]
[Result "1/2-1/2"]
[WhiteElo "1974"]
[BlackElo "2043"]
[PlyCount "109"]
[GameId "2160767912279150"]
[EventDate "1993.02.05"]
[EventType "swiss"]
[EventRounds "5"]
[EventCountry "CAN"]
[SourceTitle "EXT 2022"]
[Source "ChessBase"]
[SourceDate "2021.10.06"]
[SourceVersion "1"]
[SourceVersionDate "2021.10.06"]
[SourceQuality "1"]

1. e4 c6 2. d4 d5 3. Nc3 dxe4 4. Nxe4 Nd7 5. Bc4 Ngf6 6. Ng5 e6 7. Qe2 Nb6 8. Bd3 h6 9. N5f3 c5 10. dxc5 Bxc5 11. Ne5 Nbd7 12. Ngf3 Nxe5 13. Nxe5 O-O 14. O-O b6 15. Bd2 Bb7 16. Kh1 Bd4 17. f4 Bxb2 18. Rad1 Qc7 19. Bb4 Rfc8 20. Nc4 Bd4 21. Nd6 Rd8 22. Nb5 Qc6 23. Nxd4 Rxd4 24. Bh7+ Kxh7 25. Rxd4 Rc8 26. c4 a5 27. Be7 Ba6 28. Qd3+ Kg8 29. Rd8+ Rxd8 30. Qxd8+ Ne8 31. f5 exf5 32. Rxf5 Bxc4 33. Rf4 Bxa2 34. Rf1 Bd5 35. Rg1 f6 36. Ba3 Qe6 37. Rd1 Bc6 38. Qe7 Qg4 39. Rg1 h5 40. Qe3 h4 41. Qxb6 Be4 42. Qb3+ Kh7 43. h3 Qe2 44. Kh2 f5 45. Qe6 Nf6 46. Be7 Qf2 47. Qe5 Nh5 48. Bf8 Kg8 49. Bd6 Ng3 50. Qe8+ Kh7 51. Be5 f4 52. Qf7 Nf1+ 53. Kh1 Ng3+ 54. Kh2 Nf1+ 55. Kh1 1/2-1/2

[Event "Pere Noel"]
[Site "Montreal CAN"]
[Date "1992.12.26"]
[Round "1"]
[White "Fitzsimmons, Allan"]
[Black "Bolduc, Steve"]
[Result "1-0"]
[WhiteElo "2117"]
[BlackElo "2088"]
[PlyCount "45"]
[GameId "2160767912325747"]
[EventDate "1992.12.26"]
[EventType "swiss"]
[EventRounds "5"]
[EventCountry "CAN"]
[SourceTitle "hb 2011"]

1. e4 c6 2. Nf3 d5 3. Nc3 Bg4 4. Be2 e6 5. d4 Bb4 6. e5 c5 7. a3 Ba5 8. dxc5 Bxc3+ 9. bxc3 Nc6 10. Nd4 Bxe2 11. Qxe2 Qa5 12. O-O Qxc3 13. Nxc6 bxc6 14. Bd2 Qxc2 15. Qa6 Ne7 16. Bg5 Kf8 17. Bxe7+ Kg8 18. Qxc6 Rb8 19. Qc7 Re8 20. Qd7 Rb8 21. c6 h6 22. c7 Ra8 23. Rac1 1-0

[Event "Pere Noel"]
[Site "Montreal CAN"]
[Date "1992.12.27"]
[Round "2"]
[White "Charest, Johanne"]
[Black "Bolduc, Steve"]
[Result "1/2-1/2"]
[WhiteElo "1764"]
[BlackElo "2088"]
[PlyCount "86"]
[GameId "2160767912325748"]
[EventDate "1992.12.26"]
[EventType "swiss"]
[EventRounds "5"]
[EventCountry "CAN"]

1. e4 c6 2. d4 d5 3. exd5 cxd5 4. c4 Nf6 5. Nc3 Nc6 6. Nf3 e6 7. cxd5 Nxd5 8. Bc4 Be7 9. O-O O-O 10. a3 Bf6 11. Ne4 h6 12. Be3 Nce7 13. Qd3 b6 14. Rfd1 Bb7 15. Rac1 Rc8 16. Ba2 Rxc1 17. Rxc1 Qb8 18. Bb1 Rc8 19. Rxc8+ Bxc8 20. g4 Ng6 21. g5 hxg5 22. Nexg5 Ndf4 23. Qe4 Bb7 24. Bxf4 Qxf4 25. Qxb7 Bxg5 26. Bxg6 fxg6 27. Nxg5 Qxg5+ 28. Kf1 Qc1+ 29. Kg2 Qxb2 30. Qxa7 Qxd4 31. Qa8+ Kh7 32. Qc6 e5 33. Qe6 Qe4+ 34. Kg1 Qd4 35. Kg2 Qc5 36. Qh3+ Kg8 37. Qe6+ Kf8 38. Qxg6 b5 39. Qf5+ Ke7 40. Qg5+ Kf7 41. Qf5+ Ke7 42. Qg5+ Kf7 43. Qf5+ Ke7 1/2-1/2

[Event "Pere Noel"]
[Site "Montreal CAN"]
[Date "1992.12.28"]
[Round "3"]
[White "Bolduc, Steve"]
[Black "Desforges, Jean"]
[Result "1-0"]
[WhiteElo "2088"]
[BlackElo "2030"]
[PlyCount "127"]
[GameId "2160767912325749"]
[EventDate "1992.12.26"]
[EventType "swiss"]
[EventRounds "5"]
[EventCountry "CAN"]
[SourceTitle "hb 2011"]

1. d4 d5 2. Nf3 Nf6 3. Bg5 e6 4. Nbd2 Be7 5. e3 O-O 6. Bd3 c5 7. c3 b6 8. h4 Ba6 9. Bc2 Nc6 10. Bxf6 Bxf6 11. Bxh7+ Kxh7 12. Ng5+ Kg8 13. Qh5 Re8 14. Qxf7+ Kh8 15. Ndf3 Bd3 16. O-O-O c4 17. Nxe6 Qe7 18. Qh5+ Kg8 19. Nf4 Qf7 20. Qg4 Bh7 21. Ng5 Bxg5 22. hxg5 Qf5 23. Qxf5 Bxf5 24. Nxd5 Rad8 25. Nf4 b5 26. Kd2 Ne5 27. f3 Nd3 28. Nxd3 Bxd3 29. e4 b4 30. Ke3 bxc3 31. bxc3 Rb8 32. Rd2 Rb5 33. e5 Reb8 34. g4 Rb1 35. Rxb1 Rxb1 36. d5 Re1+ 37. Kd4 Rf1 38. Rb2 Rxf3 39. e6 Rf4+ 40. Ke5 Re4+ 41. Kd6 Rxg4 42. Rb8+ Kh7 43. e7 Bg6 44. e8=Q Bxe8 45. Rxe8 Rxg5 46. Re4 Kg8 47. Kc6 Rg3 48. Rxc4 Kf7 49. Kc7 Rd3 50. d6 Ke6 51. Rc6 g5 52. c4 g4 53. c5 Rd5 54. Kd8 g3 55. d7+ Kf7 56. Rd6 Rxc5 57. Rd3 g2 58. Rf3+ Ke6 59. Rg3 Rd5 60. Rg6+ Kf7 61. Rxg2 Rc5 62. Re2 a5 63. Rf2+ Ke6 64. Ke8 1-0

[Event "Pere Noel"]
[Site "Montreal CAN"]
[Date "1992.12.29"]
[Round "4"]
[White "Bolduc, Steve"]
[Black "Fillion, Steve"]
[Result "1/2-1/2"]
[WhiteElo "2088"]
[BlackElo "1894"]
[PlyCount "45"]
[GameId "2160767912325751"]
[EventDate "1992.12.26"]
[EventType "swiss"]
[EventRounds "5"]
[EventCountry "CAN"]
[SourceTitle "hb 2011"]

1. d4 c5 2. c3 cxd4 3. cxd4 d5 4. Nf3 Nf6 5. Nc3 Nc6 6. Bg5 e6 7. e3 Be7 8. Bb5 O-O 9. O-O Bd7 10. Rc1 Rc8 11. Qe2 Ne8 12. Bxe7 Qxe7 13. e4 dxe4 14. Nxe4 Nd6 15. Nc5 Nxb5 16. Qxb5 Rc7 17. Qb3 Rfc8 18. Nxd7 Rxd7 19. h3 g6 20. Qe3 Qf6 21. Qb3 Qf4 22. Qe3 Qf6 23. Qb3 1/2-1/2

[Event "Premiere Neige"]
[Site "Montreal CAN"]
[Date "1992.11.28"]
[Round "1"]
[White "Carrier, Rene"]
[Black "Bolduc, Steve"]
[Result "0-1"]
[WhiteElo "1847"]
[BlackElo "2081"]
[PlyCount "96"]
[GameId "2160767912325768"]
[EventDate "1992.11.28"]
[EventType "swiss"]
[EventRounds "4"]
[EventCountry "CAN"]
[SourceTitle "hb 2011"]

1. d4 Nf6 2. c4 e6 3. Nc3 d5 4. Nf3 Be7 5. e3 b6 6. cxd5 exd5 7. Bd3 O-O 8. O-O c5 9. dxc5 bxc5 10. b3 Nc6 11. Bb2 Bg4 12. Rc1 Bd6 13. Na4 Qe7 14. Be2 Rfd8 15. Nd4 Bd7 16. Nxc6 Bxc6 17. Bxf6 Qxf6 18. Bf3 Bxa4 19. bxa4 Qe5 20. g3 Be7 21. Qd2 Rab8 22. Rb1 d4 23. exd4 cxd4 24. Rxb8 Qxb8 25. Be4 Qb4 26. Qxb4 Bxb4 27. Rb1 a5 28. Bd3 Rc8 29. Kf1 Kf8 30. Ke2 Ke7 31. Kf3 Kf6 32. Ke4 Ke6 33. Rxb4 axb4 34. Kxd4 Kd6 35. a5 Rc5 36. a6 Ra5 37. Bc4 f6 38. Ke3 Kc5 39. Kd3 Ra3+ 40. Bb3 Rxa6 41. Ke4 Rd6 42. Ke3 Rd7 43. Kf3 Kd4 44. Ke2 Kc3 45. Kf3 Kb2 46. h4 Ra7 47. Ke3 Rxa2 48. Bxa2 Kxa2 0-1

[Event "Premiere Neige"]
[Site "Montreal CAN"]
[Date "1992.11.29"]
[Round "3"]
[White "Bolduc, Steve"]
[Black "Desforges, Jean"]
[Result "0-1"]
[WhiteElo "2081"]
[BlackElo "2028"]
[PlyCount "94"]
[GameId "2160767912325770"]
[EventDate "1992.11.28"]
[EventType "swiss"]
[EventRounds "4"]
[EventCountry "CAN"]
[SourceTitle "hb 2011"]

1. d4 d5 2. Nf3 Nf6 3. Bg5 e6 4. Nbd2 Be7 5. e3 Ne4 6. Bxe7 Qxe7 7. Nxe4 dxe4 8. Nd2 Bd7 9. Nxe4 Qb4+ 10. Nd2 Qxb2 11. Bd3 Bc6 12. O-O Nd7 13. Nc4 Qb4 14. Rb1 Qe7 15. e4 b6 16. Re1 e5 17. Ne3 g6 18. Nd5 Qd6 19. Bc4 O-O 20. f4 exd4 21. Qxd4 Bxd5 22. Bxd5 Nf6 23. Rbd1 Nxd5 24. e5 Qe7 25. Qxd5 Rad8 26. Qc6 Rxd1 27. Rxd1 Rd8 28. Rd5 Rxd5 29. Qxd5 a5 30. h3 Kg7 31. Qd4 Qe6 32. Kh2 h6 33. a4 Kh7 34. Qe4 Qd7 35. g4 Kg7 36. f5 Qd2+ 37. Kg3 Qc3+ 38. Kg2 Qd2+ 39. Kf3 Qh2 40. f6+ Kh7 41. Ke3 Qg1+ 42. Kd3 Qf1+ 43. Kd4 Qf2+ 44. Kd3 Qf1+ 45. Qe2 Qxh3+ 46. Kd4 Qa3 47. e6 Qd6+ 0-1

[Event "St-Jean"]
[Site "St-Jean CAN"]
[Date "1992.11.07"]
[Round "1"]
[White "Bolduc, Steve"]
[Black "Leger, Michel"]
[Result "1/2-1/2"]
[WhiteElo "2081"]
[BlackElo "1937"]
[PlyCount "106"]
[GameId "2160767912325777"]
[EventDate "1992.11.07"]
[EventType "swiss"]
[EventRounds "4"]
[EventCountry "CAN"]
[SourceTitle "hb 2011"]

1. d4 e6 2. Nf3 d5 3. Bg5 Nf6 4. e3 Be7 5. Bd3 h6 6. Bh4 Nbd7 7. Nbd2 c5 8. c3 a6 9. O-O c4 10. Bc2 g5 11. Bg3 Nh5 12. e4 Nxg3 13. fxg3 dxe4 14. Nxe4 f5 15. Ned2 g4 16. Nh4 Bxh4 17. gxh4 Nb6 18. Qe2 O-O 19. Nxc4 Nxc4 20. Qxc4 b5 21. Qc6 Ra7 22. Bb3 Re7 23. Rae1 Rf6 24. Qc5 Kg7 25. Qe5 Qc7 26. Rxf5 exf5 27. Qxe7+ Qxe7 28. Rxe7+ Kg6 29. Rc7 Be6 30. Rc6 Bd7 31. Rc7 Rd6 32. g3 f4 33. gxf4 Kf5 34. Kf2 Kxf4 35. Bc2 Rd5 36. Ra7 Rd6 37. Ra8 Rf6 38. Rd8 Bc6 39. d5 Ke5+ 40. Kg3 Bxd5 41. Kxg4 Rf2 42. Bb3 Bxb3 43. axb3 Rxb2 44. b4 Rxh2 45. Rh8 Rc2 46. Rxh6 Rxc3 47. Rxa6 Rc4+ 48. Kg5 Rxb4 49. h5 Rb1 50. h6 Rg1+ 51. Kh4 Kf5 52. Rb6 Rh1+ 53. Kg3 Kg5 1/2-1/2

[Event "St-Jean"]
[Site "St-Jean CAN"]
[Date "1992.11.07"]
[Round "2"]
[White "St Amand, Paul Jr"]
[Black "Bolduc, Steve"]
[Result "0-1"]
[WhiteElo "2036"]
[BlackElo "2081"]
[PlyCount "66"]
[GameId "2160767912325780"]
[EventDate "1992.11.07"]
[EventType "swiss"]
[EventRounds "4"]
[EventCountry "CAN"]
[SourceTitle "hb 2011"]

1. e4 c6 2. d4 d5 3. Nd2 dxe4 4. Nxe4 Nd7 5. Bc4 Ngf6 6. Ng5 e6 7. N1f3 h6 8. Nh3 g5 9. Nhg1 Qc7 10. Ne2 Bd6 11. Ng3 Nb6 12. Bb3 Bd7 13. Qe2 O-O-O 14. c4 c5 15. dxc5 Bxc5 16. O-O Ng4 17. Be3 Bxe3 18. fxe3 h5 19. Nd4 Nxh2 20. Kxh2 h4 21. Kg1 hxg3 22. Rxf7 Rh6 23. Raf1 Qe5 24. Rf8 Be8 25. Qf3 Rxd4 26. Rxe8+ Kc7 27. Rd1 Rxd1+ 28. Bxd1 Rf6 29. Qe2 Rf7 30. Bb3 g4 31. Qe1 Rf2 32. Qc3 Qe4 33. Qg7+ Nd7 0-1

[Event "St-Jean"]
[Site "St-Jean CAN"]
[Date "1992.11.08"]
[Round "3"]
[White "Bolduc, Steve"]
[Black "Beauchamp, Jean-Pierre"]
[Result "1-0"]
[WhiteElo "2081"]
[BlackElo "2022"]
[PlyCount "65"]
[GameId "2160767912325781"]
[EventDate "1992.11.07"]
[EventType "swiss"]
[EventRounds "4"]
[EventCountry "CAN"]
[SourceTitle "hb 2011"]

1. d4 d5 2. Nf3 e6 3. Bg5 Nf6 4. Nbd2 Be7 5. e3 Nbd7 6. Bd3 c5 7. c3 O-O 8. O-O b6 9. Ne5 Nxe5 10. dxe5 Nd7 11. Bxe7 Qxe7 12. f4 f5 13. exf6 Nxf6 14. e4 Bb7 15. e5 Ne8 16. Qg4 g6 17. Rae1 Ng7 18. h4 Kh8 19. Nf3 Nf5 20. Ng5 h6 21. Nf3 Rg8 22. h5 Qf7 23. hxg6 Rxg6 24. Qh3 Rg3 25. Qh2 Rag8 26. Rf2 R8g6 27. Bxf5 Qxf5 28. Nh4 Qg4 29. Nxg6+ Qxg6 30. f5 exf5 31. e6 f4 32. e7 Bc6 33. Rxf4 1-0

[Event "Quebec-ch Amateur"]
[Site "Montreal CAN"]
[Date "1992.10.10"]
[Round "3"]
[White "Bolduc, Steve"]
[Black "Desjardins, Andre"]
[Result "1-0"]
[WhiteElo "2009"]
[BlackElo "2077"]
[PlyCount "56"]
[GameId "2160767912325818"]
[EventDate "1992.10.09"]
[EventType "swiss"]
[EventRounds "5"]
[EventCountry "CAN"]
[SourceTitle "EXT 2022"]
[Source "ChessBase"]
[SourceDate "2021.10.06"]
[SourceVersion "1"]
[SourceVersionDate "2021.10.06"]
[SourceQuality "1"]

1. d4 Nf6 2. c4 g6 3. Nc3 d5 4. Nf3 Bg7 5. Qb3 dxc4 6. Qxc4 O-O 7. e4 Bg4 8. Be3 Nfd7 9. Rd1 Nb6 10. Qb3 Nc6 11. d5 Ne5 12. Be2 Bxf3 13. gxf3 Qc8 14. h4 c5 15. h5 Ned7 16. a4 Rb8 17. hxg6 hxg6 18. a5 Na8 19. d6 e6 20. f4 a6 21. f5 gxf5 22. exf5 Re8 23. fxe6 fxe6 24. Qc2 Nf6 25. d7 Nxd7 26. Qh7+ Kf8 27. Bh6 Re7 28. Qh8+ Kf7 1-0

[Event "Quebec-ch Amateur"]
[Site "Montreal CAN"]
[Date "1992.10.11"]
[Round "4"]
[White "Picard, Jean"]
[Black "Bolduc, Steve"]
[Result "0-1"]
[WhiteElo "2058"]
[BlackElo "2009"]
[PlyCount "62"]
[GameId "2160767912325822"]
[EventDate "1992.10.09"]
[EventType "swiss"]
[EventRounds "5"]
[EventCountry "CAN"]
[SourceTitle "hb 2011"]

1. e4 c6 2. d4 d5 3. Nc3 dxe4 4. Nxe4 Nd7 5. Bc4 Ngf6 6. Ng5 e6 7. Qe2 Nb6 8. Bd3 h6 9. N5f3 c5 10. Bf4 cxd4 11. O-O-O Bc5 12. Be5 Qd5 13. Kb1 Bd7 14. Nh3 Bc6 15. Nf4 Qd7 16. Nxd4 O-O-O 17. Nxc6 Qxc6 18. f3 a6 19. Rhe1 Rhe8 20. g4 Nbd7 21. Bc3 e5 22. Ng2 Nd5 23. Ba5 Bb6 24. Bd2 Nc5 25. Bf5+ Kb8 26. c4 Nf6 27. Ne3 e4 28. Nd5 Nd3 29. Nxf6 Qxf6 30. Bc3 Bd4 31. Bxd4 Rxd4 0-1

[Event "Quebec-ch Amateur"]
[Site "Montreal CAN"]
[Date "1992.10.11"]
[Round "5"]
[White "Bolduc, Steve"]
[Black "Seguin, Rene"]
[Result "1/2-1/2"]
[WhiteElo "2009"]
[BlackElo "1989"]
[PlyCount "63"]
[GameId "2160767912325824"]
[EventDate "1992.10.09"]
[EventType "swiss"]
[EventRounds "5"]
[EventCountry "CAN"]
[SourceTitle "hb 2011"]

1. d4 Nf6 2. Nf3 g6 3. Bg5 Ne4 4. Bh4 Bg7 5. Nbd2 d5 6. e3 c5 7. Bd3 cxd4 8. exd4 Bf5 9. O-O Nc6 10. c3 Nd6 11. Qe2 Bxd3 12. Qxd3 Nf5 13. Bg5 h6 14. Bf4 O-O 15. Rfe1 a6 16. Re2 Qd7 17. Rae1 h5 18. Nf1 e6 19. h3 b5 20. a3 Nd6 21. N1d2 Rac8 22. Ne5 Nxe5 23. Bxe5 Bh6 24. g4 hxg4 25. hxg4 Nc4 26. Nxc4 bxc4 27. Qh3 Bg7 28. Kg2 f6 29. Bf4 Rce8 30. g5 f5 31. Be5 Rf7 32. Rh1 1/2-1/2

[Event "Montreal op"]
[Site "Montreal CAN"]
[Date "1992.09.06"]
[Round "1"]
[White "Tisseur, Daniel"]
[Black "Bolduc, Steve"]
[Result "1-0"]
[WhiteElo "1819"]
[BlackElo "2059"]
[PlyCount "97"]
[GameId "2160767912325854"]
[EventDate "1992.09.06"]
[EventType "swiss"]
[EventRounds "5"]
[EventCountry "CAN"]
[SourceTitle "hb 2011"]

1. e4 c5 2. Nf3 Nc6 3. d4 cxd4 4. Nxd4 Nf6 5. Nc3 e6 6. Bg5 Bb4 7. Nxc6 bxc6 8. e5 Qa5 9. exf6 Qxg5 10. fxg7 Qxg7 11. Qf3 Bb7 12. O-O-O O-O-O 13. Qe3 Kb8 14. Qf4+ d6 15. Qxb4 c5 16. Qb3 Ka8 17. Nb5 d5 18. Nc7+ Kb8 19. Na6+ Ka8 20. Nc7+ Kb8 21. Ba6 Kxc7 22. Qxb7+ Kd6 23. Bb5 Rc8 24. Qd7+ Ke5 25. f4+ Kf6 26. Rhg1 Rhd8 27. Qxa7 Qh6 28. Kb1 Kg7 29. Rdf1 Kg8 30. Qa3 c4 31. Qg3+ Kh8 32. f5 c3 33. Qe5+ f6 34. Qxe6 cxb2 35. g4 Qxh2 36. Qxf6+ Kg8 37. Qxb2 Rc5 38. a4 Rdc8 39. Rc1 Rc3 40. Rge1 Kf7 41. Re2 Qf4 42. Rce1 R8c7 43. Re7+ Rxe7 44. Rxe7+ Kxe7 45. Qxc3 Qxg4 46. Qe5+ Kf8 47. Qh8+ Kf7 48. Qxh7+ Kf6 49. Qg6+ 1-0

[Event "Montreal op"]
[Site "Montreal CAN"]
[Date "1992.09.06"]
[Round "2"]
[White "Bolduc, Steve"]
[Black "Fillion, Steve"]
[Result "1/2-1/2"]
[WhiteElo "2059"]
[BlackElo "1905"]
[PlyCount "68"]
[GameId "2160767912325855"]
[EventDate "1992.09.06"]
[EventType "swiss"]
[EventRounds "5"]
[EventCountry "CAN"]
[SourceTitle "hb 2011"]

1. d4 d5 2. c4 c6 3. Nc3 Nf6 4. Bg5 e6 5. e3 Nbd7 6. Nf3 Qa5 7. Nd2 dxc4 8. Bxf6 Nxf6 9. Nxc4 Qc7 10. Bd3 Be7 11. O-O O-O 12. Rc1 Rd8 13. Ne5 Bd7 14. Qf3 Be8 15. Qh3 g6 16. Rfd1 Nd7 17. f4 Nf8 18. Ne4 Rac8 19. Rc2 Qb8 20. Rdc1 Rc7 21. Qg3 Rdc8 22. Nc5 Rd8 23. f5 exf5 24. Bxf5 Bd6 25. Ne4 Re7 26. Nxd6 Qxd6 27. Bh3 Kg7 28. Rc3 f6 29. Nc4 Qxg3 30. hxg3 Bd7 31. Bxd7 Rdxd7 32. Kf2 Ne6 33. Nd2 Ng5 34. b4 a6 1/2-1/2

[Event "Montreal op"]
[Site "Montreal CAN"]
[Date "1992.09.07"]
[Round "3"]
[White "Crete, Michel"]
[Black "Bolduc, Steve"]
[Result "1-0"]
[WhiteElo "1844"]
[BlackElo "2175"]
[PlyCount "83"]
[GameId "2160767912325858"]
[EventDate "1992.09.06"]
[EventType "swiss"]
[EventRounds "5"]
[EventCountry "CAN"]
[SourceTitle "hb 2011"]

1. d4 Nf6 2. Nf3 c5 3. e3 e6 4. c4 Be7 5. Nc3 O-O 6. Be2 d5 7. O-O a6 8. b3 Nbd7 9. Bb2 Nb6 10. Ne5 Bd7 11. Rc1 Rc8 12. cxd5 exd5 13. Bf3 Be6 14. Ne2 Ne4 15. Nf4 Bf5 16. Qe2 f6 17. Ned3 c4 18. Nc5 Nxc5 19. dxc5 Rxc5 20. Bd4 g5 21. Bxc5 Bxc5 22. Bg4 Qd7 23. Bxf5 Qxf5 24. Nh5 Qe5 25. Qf3 Ba3 26. Rcd1 c3 27. Qe2 Rc8 28. Qc2 Rc6 29. Ng3 Nc8 30. Nf5 Qe4 31. Qxe4 dxe4 32. Nd4 Rc7 33. Nc2 Bc5 34. Rd8+ Kf7 35. Rfd1 Ke7 36. Kf1 Nd6 37. Rh8 Ke6 38. Ke2 Nb5 39. b4 Bb6 40. Rhd8 Na7 41. R8d6+ Ke7 42. Rxb6 1-0

[Event "Montreal op"]
[Site "Montreal CAN"]
[Date "1992.09.07"]
[Round "4"]
[White "Bluteau, Normand"]
[Black "Bolduc, Steve"]
[Result "0-1"]
[WhiteElo "1644"]
[BlackElo "2052"]
[PlyCount "74"]
[GameId "2160767912325860"]
[EventDate "1992.09.06"]
[EventType "swiss"]
[EventRounds "5"]
[EventCountry "CAN"]
[SourceTitle "hb 2011"]

1. c4 Nf6 2. Nc3 e5 3. g3 d5 4. cxd5 Nxd5 5. Qc2 c5 6. Bg2 Be6 7. Qe4 Nxc3 8. dxc3 Nc6 9. Be3 Be7 10. Nh3 O-O 11. O-O h6 12. f4 f5 13. Qc2 e4 14. Nf2 Qe8 15. Bh3 Qf7 16. b3 a5 17. Rab1 b5 18. Rfc1 Rfc8 19. Nd1 b4 20. cxb4 Nxb4 21. Qb2 Bf6 22. Qa3 Bd4 23. Bf1 g5 24. Kg2 gxf4 25. Bxf4 e3 26. Bxe3 Bd5+ 27. Kg1 f4 28. Bxd4 cxd4 29. Bg2 Bxg2 30. Kxg2 fxg3 31. Rxc8+ Rxc8 32. hxg3 Rf8 33. Qb2 Qf1+ 34. Kh2 Rf5 35. g4 Qf4+ 36. Kh3 Rg5 37. Ne3 Qxe3+ 0-1

[Event "Montreal op"]
[Site "Montreal CAN"]
[Date "1992.09.08"]
[Round "5"]
[White "Bolduc, Steve"]
[Black "Mongeau, Diane"]
[Result "1-0"]
[WhiteElo "2156"]
[BlackElo "1772"]
[PlyCount "79"]
[GameId "2160767912325862"]
[EventDate "1992.09.06"]
[EventType "swiss"]
[EventRounds "5"]
[EventCountry "CAN"]
[SourceTitle "hb 2011"]

1. d4 d5 2. c4 e6 3. Nc3 c6 4. Nf3 f5 5. Bg5 Nf6 6. e3 Be7 7. Bd3 O-O 8. Qc2 Ne4 9. Bxe7 Qxe7 10. O-O-O Nd7 11. h3 b5 12. cxd5 cxd5 13. Bxb5 Rb8 14. Bd3 Ndf6 15. Ne5 Bd7 16. Bxe4 dxe4 17. Kb1 Rfc8 18. Qd2 Rb7 19. Ka1 Rcb8 20. Rb1 Qb4 21. Rhd1 Ba4 22. Nxa4 Qxa4 23. Rdc1 Nd5 24. Qc2 Qe8 25. Qc6 Qxc6 26. Nxc6 Nb4 27. Rc4 h6 28. Rxb4 Rxb4 29. Nxb8 Rxb8 30. Rc1 Rb7 31. Rc5 Kf7 32. a3 Kf6 33. b4 Kg5 34. Kb2 h5 35. Kb3 h4 36. a4 Kf6 37. a5 Ke7 38. a6 Rd7 39. b5 Kd8 40. Kc4 1-0

[Event "Festival gourmands"]
[Site "Asbestos CAN"]
[Date "1992.08.14"]
[Round "1"]
[White "Bolduc, Steve"]
[Black "Rashev, Nick"]
[Result "1-0"]
[WhiteElo "2072"]
[BlackElo "1812"]
[PlyCount "61"]
[GameId "2160767912325867"]
[EventDate "1992.08.14"]
[EventType "swiss"]
[EventRounds "5"]
[EventCountry "CAN"]
[SourceTitle "hb 2011"]

1. d4 c5 2. d5 Nf6 3. c4 b5 4. cxb5 a6 5. b6 g6 6. Nc3 d6 7. e4 Bg7 8. Bd3 O-O 9. Nge2 Nfd7 10. O-O Nxb6 11. Be3 a5 12. Rb1 Ba6 13. b3 N8d7 14. Bxa6 Rxa6 15. Qd2 Re8 16. Bh6 Bh8 17. f4 Ra8 18. Rf3 Nf6 19. h3 e6 20. dxe6 fxe6 21. Ng3 d5 22. Bg5 d4 23. Nb5 Qd7 24. a4 Rf8 25. Rc1 Rfc8 26. Qd3 Ne8 27. f5 exf5 28. exf5 Nd5 29. fxg6 Nb4 30. gxh7+ Qxh7 31. Qc4+ 1-0

[Event "Festival gourmands"]
[Site "Asbestos CAN"]
[Date "1992.08.15"]
[Round "2"]
[White "Bolduc, Steve"]
[Black "Levtchouk, George"]
[Result "0-1"]
[WhiteElo "2072"]
[BlackElo "2313"]
[PlyCount "64"]
[GameId "2160767912325873"]
[EventDate "1992.08.14"]
[EventType "swiss"]
[EventRounds "5"]
[EventCountry "CAN"]
[SourceTitle "hb 2011"]

1. d4 g6 2. c4 Bg7 3. Nc3 d6 4. e4 Nf6 5. Bd3 O-O 6. Nge2 e5 7. f3 Nc6 8. d5 Nd4 9. Be3 Nh5 10. Bc2 Nxe2 11. Qxe2 f5 12. O-O-O Nf4 13. Qd2 Qe7 14. Rdg1 a6 15. Kb1 Bd7 16. Qf2 c5 17. dxc6 bxc6 18. Rd1 Ne6 19. exf5 gxf5 20. Rhe1 Rad8 21. Bb6 Rb8 22. Ba5 Be8 23. Qd2 Qb7 24. Bd3 d5 25. cxd5 cxd5 26. Bf1 Nd4 27. b3 Bg6 28. Nxd5 Qxd5 29. Ka1 Nxb3+ 30. axb3 e4+ 31. Bc3 Qxd2 32. Bc4+ Bf7 0-1

[Event "Festival gourmands"]
[Site "Asbestos CAN"]
[Date "1992.08.15"]
[Round "3"]
[White "Pouliot, Louis"]
[Black "Bolduc, Steve"]
[Result "1-0"]
[WhiteElo "1994"]
[BlackElo "2072"]
[PlyCount "93"]
[GameId "2160767912325880"]
[EventDate "1992.08.14"]
[EventType "swiss"]
[EventRounds "5"]
[EventCountry "CAN"]
[SourceTitle "hb 2011"]

1. e4 Nf6 2. e5 Nd5 3. d4 d6 4. Nf3 Bg4 5. Be2 e6 6. O-O Be7 7. c4 Nb6 8. Nc3 Nc6 9. exd6 cxd6 10. d5 exd5 11. Nxd5 Nxd5 12. Qxd5 O-O 13. h3 Be6 14. Qh5 Bf6 15. Bg5 Ne5 16. Bxf6 Qxf6 17. Ng5 Bf5 18. f4 Nxc4 19. Bf3 d5 20. Rfd1 Ne3 21. Rd2 h6 22. Re1 Rae8 23. Nxf7 Qxf7 24. Qxf7+ Kxf7 25. Kf2 d4 26. Rxd4 Nc2 27. Rxe8 Rxe8 28. Ra4 Re7 29. Rxa7 b5 30. Ra5 Bd3 31. a4 Nd4 32. Bd5+ Kf6 33. g4 Re2+ 34. Kg3 Rxb2 35. Ra7 Bc4 36. Rf7+ Kg6 37. f5+ Kh7 38. Rd7 Ne2+ 39. Kh4 Bxd5 40. Rxd5 bxa4 41. Ra5 Nc3 42. Ra7 Rb3 43. f6 Kg8 44. Rxg7+ Kf8 45. Kh5 a3 46. Kg6 Rb8 47. Rh7 1-0

[Event "Festival gourmands"]
[Site "Asbestos CAN"]
[Date "1992.08.16"]
[Round "4"]
[White "Leriche, Felix"]
[Black "Bolduc, Steve"]
[Result "0-1"]
[WhiteElo "1824"]
[BlackElo "2072"]
[PlyCount "70"]
[GameId "2160767912325885"]
[EventDate "1992.08.14"]
[EventType "swiss"]
[EventRounds "5"]
[EventCountry "CAN"]
[SourceTitle "hb 2011"]

1. d4 Nf6 2. e3 c5 3. c3 b6 4. f4 Bb7 5. Nf3 g6 6. Be2 Bg7 7. O-O O-O 8. Qe1 d6 9. Nbd2 Nbd7 10. Qh4 Qc7 11. g4 e5 12. f5 Nd5 13. fxg6 fxg6 14. Ng5 Rxf1+ 15. Nxf1 N7f6 16. e4 Nf4 17. Bxf4 exf4 18. e5 cxd4 19. exd6 Qxd6 20. Rd1 Rc8 21. Rxd4 Qe5 22. Rd2 Qc5+ 23. Rd4 Qe5 24. Rd2 h6 25. Nf3 Qe4 26. g5 hxg5 27. Qxg5 Nh7 28. Qb5 g5 29. Rd7 g4 30. Qb3+ Kh8 31. Qf7 Rg8 32. Bc4 Nf6 33. Rxb7 Qxf3 34. Qg6 Qxb7 35. Bxg8 Kxg8 0-1

[Event "Festival gourmands"]
[Site "Asbestos CAN"]
[Date "1992.08.16"]
[Round "5"]
[White "Bolduc, Steve"]
[Black "St Amand, Paul Jr"]
[Result "1/2-1/2"]
[WhiteElo "2072"]
[BlackElo "2083"]
[PlyCount "80"]
[GameId "2160767912325889"]
[EventDate "1992.08.14"]
[EventType "swiss"]
[EventRounds "5"]
[EventCountry "CAN"]
[SourceTitle "hb 2011"]

1. d4 Nf6 2. c4 e5 3. dxe5 Ng4 4. e4 Nxe5 5. f4 Nec6 6. Be3 Bb4+ 7. Nc3 Na6 8. Bd3 Bxc3+ 9. bxc3 Qh4+ 10. g3 Qe7 11. Kf2 Nc5 12. Qc2 Nxd3+ 13. Qxd3 d6 14. Nf3 O-O 15. Rae1 f5 16. Bd4 fxe4 17. Rxe4 Qf7 18. Qe2 Bf5 19. Re3 Rae8 20. Re1 Rxe3 21. Bxe3 Re8 22. Qf1 Qh5 23. h4 Qg6 24. Rd1 Bg4 25. Qe2 Qe4 26. Rd2 b6 27. Ng5 Bxe2 28. Nxe4 Bxc4 29. Ng5 Be6 30. Kf3 Bg4+ 31. Kf2 h6 32. Nf3 Bxf3 33. Kxf3 h5 34. Rg2 g6 35. g4 hxg4+ 36. Rxg4 Kf7 37. Rg5 Rh8 38. Kg4 Re8 39. Kf3 Rh8 40. Kg4 Re8 1/2-1/2

[Event "Quebec op"]
[Site "Montreal CAN"]
[Date "1992.08.08"]
[Round "8"]
[White "Bolduc, Steve"]
[Black "Ouaknine, Joel"]
[Result "0-1"]
[WhiteElo "2161"]
[BlackElo "2006"]
[PlyCount "44"]
[GameId "2160767912326000"]
[EventDate "1992.08.01"]
[EventType "swiss"]
[EventRounds "8"]
[EventCountry "CAN"]
[SourceTitle "hb 2011"]

1. e4 e5 2. Nf3 Nc6 3. Bb5 f5 4. d3 Nf6 5. Nc3 Bc5 6. O-O O-O 7. Na4 Be7 8. Re1 fxe4 9. dxe4 d6 10. Bc4+ Kh8 11. Ng5 Qe8 12. Nc3 Qg6 13. Qd3 Nh5 14. Nf3 Bh3 15. Nh4 Bxh4 16. Qxh3 Bxf2+ 17. Kf1 Bxe1+ 18. Kxe1 Nd4 19. Bd3 Qf7 20. Be3 Nf4 21. Bxf4 Qxf4 22. Nd1 d5 0-1